Les 30 joueurs les + chers de l'AS Monaco - Statistiques

Statistiques générales
  • Ce quiz a été pris 112 fois
  • Le résultat moyen est 17 sur 30
Statistiques - réponses
# Saison De Poste Valeur du transfert Pays Joueur % Correct
2 13/14 Atlético de Madrid Attaquant 43 000 000 € Radamel Falcao
99%
1 13/14 FC Porto Milieu 45 000 000 € James Rodríguez
98%
3 19/20 Sevilla FC Attaquant 40 000 000 € Wissam Ben Yedder
87%
6 18/19 PFC CSKA Moscow Attaquant 30 000 000 € Aleksandr Golovin
82%
4 23/24 Arsenal FC Attaquant 30 000 000 € Folarin Balogun
82%
11 23/24 Juventus Turin Milieu 20 000 000 € Denis Zakaria
78%
8 13/14 FC Porto Milieu 25 000 000 € João Moutinho
75%
9 17/18 RSC Anderlecht Milieu 25 000 000 € Youri Tielemans
67%
25 22/23 Liverpool FC Attaquant 15 000 000 € Takumi Minamino
64%
12 13/14 Sevilla FC Milieu 20 000 000 € Geoffrey Kondogbia
63%
7 17/18 SS Lazio Attaquant 30 000 000 € Keita Baldé
63%
26 24/25 FC Metz Milieu 15 000 000 € Lamine Camara
59%
23 22/23 FC Red Bull Salzburg Milieu 15 000 000 € Mohamed Camara
59%
17 19/20 Deportivo Alavés Défenseur 18 000 000 € Guillermo Maripán
58%
18 19/20 FC Girondins de Bordeaux Milieu 18 000 000 € Aurélien Tchouaméni
57%
5 19/20 Atlético de Madrid Attaquant 30 000 000 € Gelson Martins
56%
22 14/15 SL Benfica Milieu 15 750 000 € Bernardo Silva
53%
24 23/24 Southampton FC Défenseur 15 000 000 € Mohammed Salisu
49%
14 18/19 Olympique Lyonnais Attaquant 20 000 000 € Willem Geubbels
46%
20 20/21 Club Brugge Attaquant 16 700 000 € Krépin Diatta
44%
19 21/22 AZ Alkmaar Attaquant 17 000 000 € Myron Boadu
44%
10 17/18 Genoa CFC Attaquant 20 900 000 € Pietro Pellegri
44%
21 24/25 Toulouse FC Défenseur 16 000 000 € Christian Mawissa
38%
28 19/20 RC Strasbourg Alsace Milieu 15 000 000 € Youssouf Fofana
36%
13 18/19 Bayer 04 Leverkusen Défenseur 20 000 000 € Benjamin Henrichs
35%
16 24/25 Royal Antwerp FC Attaquant 18 750 000 € George Ilenikhena
34%
15 00/01 Stade Rennais FC Attaquant 20 000 000 € Shabani Nonda
33%
29 16/17 Lille OSC Défenseur 15 000 000 € Djibril Sidibé
26%
27 17/18 Feyenoord Rotterdam Défenseur 15 000 000 € Terence Kongolo
15%
30 15/16 SL Benfica Attaquant 15 000 000 € Ivan Cavaleiro
8%
Aucun quiz correspondant
Distribution des résultats
% des personnes avec chaque résultat
Percentile par nombre de réponses
Votre historique - résultats
Vous n’avez pas pris ce quiz